000 01223nam a2200313 i 4500
003 IT-RoINE
005 20200504103415.0
008 030904s1998 gw |||||r |001|| grc|d
020 _a3050031980
040 _aIT-RoINE
041 _agrc
_ager
100 0 _97919
_aTeodoreto,
_cObispo de Ciro,
_dca. 393-ca. 466
245 1 0 _aKirchengeschichte /
_cTheodoret ; herausgegeben von Leon Parmentier.
250 _a3., durchgesehene Aufl. /
_bvon Günther Christian Hansen.
260 _aBerlin :
_bAkademie Verlag,
_c1998.
300 _aCVIII, 478 p. ;
_c25 cm.
336 _2rdacontent
_atext
337 _2rdamedia
_aunmediated
338 _2rdacarrier
_avolume
490 1 _aDie Griechischen christlichen Schriftsteller der ersten Jahrhunderte.
_aNeue Folge ;
_v5
500 _aIncluye índices.
504 _aIncluye bibliografía.
546 _aTexto en griego, introducción y notas en alemán.
650 4 _944547
_aIglesia
_xHistoria
_yca. 30-600 (Iglesia primitiva)
700 1 _aParmentier, Léon,
_d1863-1929
_99784
700 1 _aHansen, Günther Christian,
_d1929-2013
_97329
830 0 _97330
_aGriechischen Christlichen Schriftsteller der ersten Jahrhunderte.
_nNeue Folge
_pNeue Folge ;
_v5
942 _cMTS
999 _c20805
_d20805